ICARLY CHARACTERS - Statistics

General Stats
  • This quiz has been taken 747 times
  • The average score is 6 of 9
Answer Stats
Hint Answer % Correct
mean girl who loves ham sam
100%
webshow host carly
98%
child like brother spencer
92%
technical producer freddy
80%
guy with a wax head gibby
78%
crazy mother mrs benson
62%
evil mastermind nevil
45%
wax head guys little bro gubby
30%
horrible headmaster mrs briggs
8%
No matching quizzes found
Score Distribution
Percent of People with Each Score
Percentile by Number Answered
Your Score History
You have not taken this quiz